LEADER 01255nam0 22002771i 450 001 UON00193439 005 20231205103224.460 100 $a20030730d1934 |0itac50 ba 101 $aita 102 $aIT 105 $a|||| 1|||| 200 1 $aAnhelli$fJuliusz Slowacki$gPrima traduzione dall'originale polacco per cura di Paolo Emilio Pavolini 210 $aLanciano$cR. Carabba Editore$d1934 215 $a106 p.$d19 cm 620 $aIT$dLanciano$3UONL000560 676 $a891.85$cLetteratura polacca$v21 700 1$aSlowacki$bJuliusz$3UONV114251$0444683 702 1$aPAVOLINI$bPaolo Emilio$3UONV001495 712 $aCarabba$3UONV248167$4650 801 $aIT$bSOL$c20250725$gRICA 912 $aUON00193439 950 $aSIBA - SISTEMA BIBLIOTECARIO DI ATENEO$dSI FD POLACCO 0202 $eSI MR 44244 7 0202 950 $aSIBA - SISTEMA BIBLIOTECARIO DI ATENEO$dSI B 0019 $eSI EO 25961 5 0019 950 $aSIBA - SISTEMA BIBLIOTECARIO DI ATENEO$dSI B 0020 $eSI MR 18123 5 0020 996 $aAnhelli$91115558 997 $aUNIOR LEADER 02153nam 2200493Ia 450 001 9910975320903321 005 20251116173827.0 035 $a(CKB)1000000000333588 035 $a(EBL)291803 035 $a(OCoLC)437178441 035 $a(SSID)ssj0001642256 035 $a(PQKBManifestationID)16406100 035 $a(PQKBTitleCode)TC0001642256 035 $a(PQKBWorkID)14963905 035 $a(PQKB)11404888 035 $a(OCoLC)568535153 035 $a(MiAaPQ)EBC291803 035 $a(EXLCZ)991000000000333588 100 $a20020110d2006 uy 0 101 0 $aeng 135 $aur|n|---||||| 181 $ctxt 182 $cc 183 $acr 200 10$aLakme /$fadapted from the Opera Journeys lecture series by Burton D. Fisher 210 $aCoral Gables, FL $cOpera Journeys Pub.$dc2006 215 $a1 online resource (21 p.) 225 1 $aOpera Journeys mini guide series 300 $a"Lyric drama in French in three acts; Music by Leo Delibes; Libretto by Edmond Gondinet and Phillippe Gille, after Le Marriage de Loti, by Gondinet; Premiere: Opera Comique, Paris, April, 1883. 311 08$a1-4337-0796-9 327 $a""LAKME/Opera Journeys Mini Guide Series""; ""Title Page/Provenance""; ""Principal Characters in Lakme""; ""Brief Story Synopsis""; ""Story Narrative with Music Highlight Examples""; ""The Prelude""; ""Act I - Scene 1: The ruins of a Brahmin temple in an Indian forest""; ""Act II: A public square in the city""; ""Act III: A forest""; ""Commentary and Analysis"" 330 $aA comprehensive guide to Delibes' LAKME?, featuring Principal Characters in the opera, Brief Story Synopsis, Story Narrative with Music Highlight Examples, and an insightful and in depth Commentary and Analysis by Burton D. Fisher, noted opera author and lecturer.
410 0$aOpera Journeys mini guide series. 606 $aOperas$vStories, plots, etc 615 0$aOperas 676 $a880.915 700 $aFisher$b Burton D$01800023 801 0$bMiAaPQ 801 1$bMiAaPQ 801 2$bMiAaPQ 906 $aBOOK 912 $a9910975320903321 996 $aLakme$94531988 997 $aUNINA